<?xml version="1.0" encoding="UTF-8"?>
<collection xmlns="http://www.loc.gov/MARC21/slim">
 <record>
  <leader>01320nam a22002057a 4500</leader>
  <controlfield tag="001">NCT_4_018006</controlfield>
  <controlfield tag="008">250418b        xxu||||| |||| 00| 0 vie d</controlfield>
  <datafield tag="999" ind1=" " ind2=" ">
   <subfield code="c">8864</subfield>
   <subfield code="d">8864</subfield>
  </datafield>
  <datafield tag="020" ind1=" " ind2=" ">
   <subfield code="a">9786044997797</subfield>
  </datafield>
  <datafield tag="082" ind1="0" ind2="4">
   <subfield code="2">23rd ed.</subfield>
   <subfield code="a">307.76</subfield>
   <subfield code="b">Qu106</subfield>
  </datafield>
  <datafield tag="100" ind1="1" ind2=" ">
   <subfield code="a">Nguyễn Nhật Quang</subfield>
  </datafield>
  <datafield tag="245" ind1=" " ind2=" ">
   <subfield code="a">Đô thị thông minh - Đô thị của tương lai</subfield>
   <subfield code="c">Nguyễn Nhật Quang, Phạm Duy Trung</subfield>
  </datafield>
  <datafield tag="260" ind1=" " ind2=" ">
   <subfield code="a">H.</subfield>
   <subfield code="b">Thông tin và Truyền thông</subfield>
   <subfield code="c">2025</subfield>
  </datafield>
  <datafield tag="300" ind1=" " ind2=" ">
   <subfield code="a">187 tr.</subfield>
   <subfield code="b">bảng, sơ đồ</subfield>
   <subfield code="c">21 cm.</subfield>
  </datafield>
  <datafield tag="520" ind1="3" ind2=" ">
   <subfield code="a">Nội dung cuốn sách giới thiệu tổng quan về đô thị thông minh, cấu trúc và thành phần, xu hướng và các thách thức của đô thị thông minh đang đối mặt, cũng như thực trạng phát triển đô thị thông minh tại Việt Nam và kinh nghiệm của các quốc gia trên thế giới, từ đó đưa ra một số giải pháp xây dựng đô thị thông minh tại Việt Nam.</subfield>
  </datafield>
  <datafield tag="653" ind1=" " ind2=" ">
   <subfield code="a">Quản lý đất đai</subfield>
  </datafield>
  <datafield tag="700" ind1="1" ind2=" ">
   <subfield code="a">Phạm Duy Trung</subfield>
  </datafield>
  <datafield tag="942" ind1=" " ind2=" ">
   <subfield code="2">ddc</subfield>
   <subfield code="c">BK</subfield>
  </datafield>
  <datafield tag="952" ind1=" " ind2=" ">
   <subfield code="0">0</subfield>
   <subfield code="1">0</subfield>
   <subfield code="2">ddc</subfield>
   <subfield code="4">0</subfield>
   <subfield code="6">307_760000000000000_QU106</subfield>
   <subfield code="7">0</subfield>
   <subfield code="9">30517</subfield>
   <subfield code="a">000001</subfield>
   <subfield code="b">000001</subfield>
   <subfield code="d">2025-04-18</subfield>
   <subfield code="o">307.76 Qu106</subfield>
   <subfield code="p">MD.23668</subfield>
   <subfield code="r">2025-04-18</subfield>
   <subfield code="w">2025-04-18</subfield>
   <subfield code="y">BK</subfield>
  </datafield>
  <datafield tag="980" ind1=" " ind2=" ">
   <subfield code="a">Thư viện Trường Đại học Nam Cần Thơ</subfield>
  </datafield>
 </record>
</collection>
